<?xml version="1.0" encoding="UTF-8"?>
<record
    xmlns:xsi="http://www.w3.org/2001/XMLSchema-instance"
    xsi:schemaLocation="http://www.loc.gov/MARC21/slim http://www.loc.gov/standards/marcxml/schema/MARC21slim.xsd"
    xmlns="http://www.loc.gov/MARC21/slim">

  <leader>02858nam a22002297a 4500</leader>
  <controlfield tag="005">20211214125724.0</controlfield>
  <controlfield tag="008">211007b           ||||| |||| 00| 0 eng d</controlfield>
  <datafield tag="020" ind1=" " ind2=" ">
    <subfield code="a">9354560347</subfield>
  </datafield>
  <datafield tag="040" ind1=" " ind2=" ">
    <subfield code="c">AL</subfield>
  </datafield>
  <datafield tag="041" ind1=" " ind2=" ">
    <subfield code="a">kan</subfield>
  </datafield>
  <datafield tag="082" ind1=" " ind2=" ">
    <subfield code="2">23</subfield>
    <subfield code="a">K894.3</subfield>
    <subfield code="b">GURP</subfield>
  </datafield>
  <datafield tag="100" ind1=" " ind2=" ">
    <subfield code="a">Guruprasad D V; &#xC97;&#xCC1;&#xCB0;&#xCC1;&#xCAA;&#xCCD;&#xCB0;&#xCB8;&#xCBE;&#xCA6;&#xCCD; &#xCA1;&#xCBF; &#xCB5;&#xCBF;</subfield>
    <subfield code="9">833</subfield>
  </datafield>
  <datafield tag="245" ind1=" " ind2=" ">
    <subfield code="a">Pratikara: Mosad Gudacharara Rochaka Karyacharanegalu</subfield>
    <subfield code="b">&#xCAA;&#xCCD;&#xCB0;&#xCA4;&#xCC0;&#xC95;&#xCBE;&#xCB0; : &#xCAE;&#xCCA;&#xCB8;&#xCBE;&#xCA6;&#xCCD; &#xC97;&#xCC2;&#xCA2;&#xC9A;&#xCBE;&#xCB0;&#xCB0; &#xCB0;&#xCCB;&#xC9A;&#xC95; &#xC95;&#xCBE;&#xCB0;&#xCCD;&#xCAF;&#xCBE;&#xC9A;&#xCB0;&#xCA3;&#xCC6;&#xC97;&#xCB3;&#xCC1;</subfield>
  </datafield>
  <datafield tag="260" ind1=" " ind2=" ">
    <subfield code="a">Bengaluru</subfield>
    <subfield code="b">Sapna Book House</subfield>
    <subfield code="c">2021</subfield>
  </datafield>
  <datafield tag="300" ind1=" " ind2=" ">
    <subfield code="a">xxiv,224p.</subfield>
    <subfield code="b">PB</subfield>
    <subfield code="c">21x14cm.</subfield>
  </datafield>
  <datafield tag="365" ind1=" " ind2=" ">
    <subfield code="a">BLCR-000057</subfield>
    <subfield code="b">176.00</subfield>
    <subfield code="c">&#x20B9;</subfield>
    <subfield code="d">220.00</subfield>
    <subfield code="e">20%</subfield>
    <subfield code="f">23-09-2021</subfield>
  </datafield>
  <datafield tag="520" ind1=" " ind2=" ">
    <subfield code="a">&#xCAE;&#xCCA;&#xCB8;&#xCBE;&#xCA6;&#xCCD; &#xC87;&#xCB8;&#xCCD;&#xCB0;&#xCC7;&#xCB2;&#xCBF; &#xCB0;&#xCB9;&#xCB8;&#xCCD;&#xCAF; &#xCB8;&#xCC7;&#xCB5;&#xCC6;&#xCAF;&#xCBE;&#xC97;&#xCBF;&#xCA6;&#xCCD;&#xCA6;&#xCC1;, &#xC87;&#xCA6;&#xCA8;&#xCCD;&#xCA8;&#xCC1; &#xCB5;&#xCBF;&#xCB6;&#xCCD;&#xCB5;&#xCA6; &#xC85;&#xCA4;&#xCCD;&#xCAF;&#xCC1;&#xCA4;&#xCCD;&#xCA4;&#xCAE; &#xCB8;&#xCC7;&#xCB5;&#xCC6;&#xC97;&#xCB3;&#xCB2;&#xCCD;&#xCB2;&#xCBF; &#xC92;&#xC82;&#xCA6;&#xCC1; &#xC8E;&#xC82;&#xCA6;&#xCC1; &#xCAA;&#xCB0;&#xCBF;&#xC97;&#xCA3;&#xCBF;&#xCB8;&#xCB2;&#xCBE;&#xC97;&#xCC1;&#xCA4;&#xCCD;&#xCA4;&#xCA6;&#xCC6;. &#xC85;&#xCA6;&#xCB0; &#xC86;&#xCB0;&#xC82;&#xCAD;&#xCA6;&#xCBF;&#xC82;&#xCA6;&#xCB2;&#xCC2;, &#xC88; &#xC8F;&#xC9C;&#xCC6;&#xCA8;&#xCCD;&#xCB8;&#xCBF;&#xCAF;&#xCC1; &#xC85;&#xCA6;&#xCCD;&#xCAD;&#xCC1;&#xCA4;&#xCB5;&#xCBE;&#xCA6; &#xCAF;&#xCCB;&#xC9C;&#xCA8;&#xCC6; &#xCAE;&#xCA4;&#xCCD;&#xCA4;&#xCC1; &#xCAC;&#xCC6;&#xCB0;&#xC97;&#xCC1;&#xC97;&#xCCA;&#xCB3;&#xCBF;&#xCB8;&#xCC1;&#xCB5; &#xC95;&#xCBE;&#xCB0;&#xCCD;&#xCAF;&#xCBE;&#xC9A;&#xCB0;&#xCA3;&#xCC6;&#xC97;&#xCB3;&#xCA8;&#xCCD;&#xCA8;&#xCC1; &#xCAE;&#xCBE;&#xCA1;&#xCBF;&#xCA6;&#xCC6;. &#xC85;&#xCB5;&#xCB0; &#xC95;&#xCC6;&#xCB2;&#xCB8;&#xCB5;&#xCC1; &#xC87;&#xCB8;&#xCCD;&#xCB0;&#xCC7;&#xCB2;&#xCCD;&#x200C;&#xCA8; &#xCB8;&#xCC1;&#xCB0;&#xC95;&#xCCD;&#xCB7;&#xCBF;&#xCA4;&#xCB5;&#xCBE;&#xC97;&#xCBF;&#xCB0;&#xCBF;&#xCB8;&#xCBF;&#xCA6;&#xCC6; . &#xC88; &#xCAA;&#xCC1;&#xCB8;&#xCCD;&#xCA4;&#xC95;&#xCA6; &#xCAE;&#xCC2;&#xCB2;&#xC95; &#xCB2;&#xCC7;&#xC96;&#xC95;&#xCB0;&#xCC1; &#xCAE;&#xCCA;&#xCB8;&#xCBE;&#xCA6;&#xCCD; &#xCA8;&#xCA1;&#xCC6;&#xCB8;&#xCBF;&#xCA6; &#xC95;&#xCC6;&#xCB2;&#xCB5;&#xCC1; &#xCAA;&#xCCD;&#xCB0;&#xCAE;&#xCC1;&#xC96; &#xC95;&#xCBE;&#xCB0;&#xCCD;&#xCAF;&#xCBE;&#xC9A;&#xCB0;&#xCA3;&#xCC6;&#xC97;&#xCB3; &#xCAE;&#xCC7;&#xCB2;&#xCC6; &#xCAC;&#xCC6;&#xCB3;&#xC95;&#xCC1; &#xC9A;&#xCC6;&#xCB2;&#xCCD;&#xCB2;&#xCC1;&#xCA4;&#xCCD;&#xCA4;&#xCBE;&#xCB0;&#xCC6;. 
&#xC97;&#xCC1;&#xCB0;&#xCC1;&#xCAA;&#xCCD;&#xCB0;&#xCB8;&#xCBE;&#xCA6;&#xCCD;&#x200C;&#xCB0;&#xCB5;&#xCB0;&#xCBF;&#xC97;&#xCC6; &#xC95;&#xCA5;&#xCC6; &#xCB9;&#xCC7;&#xCB3;&#xCC1;&#xCB5; &#xC95;&#xCB2;&#xCC6; &#xCB8;&#xCBF;&#xCA6;&#xCCD;&#xCA7;&#xCBF;&#xCB8;&#xCBF;&#xCA6;&#xCC6;. &#xC98;&#xC9F;&#xCA8;&#xCC6;&#xC97;&#xCB3;&#xCA8;&#xCCD;&#xCA8;&#xCC1; &#xC95;&#xCA3;&#xCCD;&#xCA3;&#xCBF;&#xC97;&#xCC6; &#xC95;&#xC9F;&#xCCD;&#xC9F;&#xCC1;&#xCB5;&#xC82;&#xCA4;&#xCC6;, &#xC95;&#xCB2;&#xCBE;&#xCA4;&#xCCD;&#xCAE;&#xC95;&#xCB5;&#xCBE;&#xC97;&#xCBF;, &#xC95;&#xCC1;&#xCA4;&#xCC2;&#xCB9;&#xCB2;&#xCB5;&#xCA8;&#xCCD;&#xCA8;&#xCC1; &#xCAC;&#xCC6;&#xCB3;&#xCC6;&#xCB8;&#xCC1;&#xCA4;&#xCCD;&#xCA4;&#xCBE; &#xCB9;&#xCC7;&#xCB3;&#xCAC;&#xCB2;&#xCCD;&#xCB2;&#xCB0;&#xCC1;. &#xCAA;&#xCCD;&#xCB0;&#xCB8;&#xCCD;&#xCA4;&#xCC1;&#xCA4; &#xC97;&#xCCD;&#xCB0;&#xC82;&#xCA5; "&#xCAA;&#xCCD;&#xCB0;&#xCA4;&#xCC0;&#xC95;&#xCBE;&#xCB0;"&#xCB5;&#xC82;&#xCA4;&#xCC2; &#xCAF;&#xCBE;&#xCB5;&#xCC1;&#xCA6;&#xCC7; &#xCAA;&#xCA4;&#xCCD;&#xCA4;&#xCC7;&#xCA6;&#xCBE;&#xCB0;&#xCBF; &#xC95;&#xCBE;&#xCA6;&#xC82;&#xCAC;&#xCB0;&#xCBF;&#xC97;&#xCBF;&#xC82;&#xCA4;&#xCBE; &#xC95;&#xCC1;&#xCA4;&#xCC2;&#xCB9;&#xCB2;&#xCB5;&#xCA8;&#xCCD;&#xCA8;&#xCC1; &#xCAE;&#xCC2;&#xCA1;&#xCBF;&#xCB8;&#xCC1;&#xCA4;&#xCCD;&#xCA4;&#xCBE; &#xCB9;&#xCCB;&#xC97;&#xCC1;&#xCA4;&#xCCD;&#xCA4;&#xCA6;&#xCC6;. &#xCAE;&#xCCA;&#xCB8;&#xCBE;&#xCA6;&#xCCD;&#x200C;&#xCA8; &#xCB8;&#xCC1;&#xCB0;&#xCAE;&#xCCD;&#xCAE; &#xC95;&#xCA5;&#xCC6;&#xC97;&#xCB3; &#xCB9;&#xCBF;&#xC82;&#xCA6;&#xCBF;&#xCA8; &#xC87;&#xCA4;&#xCBF;&#xCB9;&#xCBE;&#xCB8;&#xCA6; &#xCAC;&#xC97;&#xCCD;&#xC97;&#xCC6; &#xCB2;&#xCC7;&#xC96;&#xC95;&#xCB0;&#xCC1; &#xCA8;&#xCC0;&#xCA1;&#xCBF;&#xCB0;&#xCC1;&#xCB5; &#xCB5;&#xCBF;&#xCB5;&#xCB0;&#xCA3;&#xCC6; &#xCAC;&#xCB9;&#xCC1;&#xCAE;&#xCC1;&#xC96;&#xCCD;&#xCAF;&#xCB5;&#xCBE;&#xC97;&#xCC1;&#xCA4;&#xCCD;&#xCA4;&#xCA6;&#xCC6;. &#xC88; &#xC97;&#xCCD;&#xCB0;&#xC82;&#xCA5; &#xC9C;&#xCA8;&#xCAE;&#xCBE;&#xCA8;&#xCB8;&#xCB5;&#xCA8;&#xCCD;&#xCA8;&#xCC1; &#xCA4;&#xC9F;&#xCCD;&#xC9F;&#xCC1;&#xCB5;&#xCC1;&#xCA6;&#xCB0;&#xCB2;&#xCCD;&#xCB2;&#xCBF; &#xCAF;&#xCBE;&#xCB5; &#xCB8;&#xC82;&#xCA6;&#xCC7;&#xCB9;&#xCB5;&#xCC2; &#xC87;&#xCB2;&#xCCD;&#xCB2;".</subfield>
  </datafield>
  <datafield tag="650" ind1=" " ind2=" ">
    <subfield code="a">Mosad Gudacharara Rochaka Karyacharanegalu; &#xCAE;&#xCCA;&#xCB8;&#xCBE;&#xCA6;&#xCCD; &#xC97;&#xCC2;&#xCA2;&#xC9A;&#xCBE;&#xCB0;&#xCB0; &#xCB0;&#xCCB;&#xC9A;&#xC95; &#xC95;&#xCBE;&#xCB0;&#xCCD;&#xCAF;&#xCBE;&#xC9A;&#xCB0;&#xCA3;&#xCC6;&#xC97;&#xCB3;&#xCC1;</subfield>
    <subfield code="9">834</subfield>
  </datafield>
  <datafield tag="650" ind1=" " ind2=" ">
    <subfield code="a">Kannada Fiction; &#xC95;&#xCA8;&#xCCD;&#xCA8;&#xCA1; &#xC95;&#xCBE;&#xCA6;&#xC82;&#xCAC;&#xCB0;&#xCBF;</subfield>
    <subfield code="9">835</subfield>
  </datafield>
  <datafield tag="700" ind1=" " ind2=" ">
    <subfield code="a">GURUPRASAD (D V); &#xC97;&#xCC1;&#xCB0;&#xCC1;&#xCAA;&#xCCD;&#xCB0;&#xCB8;&#xCBE;&#xCA6;&#xCCD; (&#xCA1;&#xCBF; &#xCB5;&#xCBF;)</subfield>
    <subfield code="9">836</subfield>
  </datafield>
  <datafield tag="942" ind1=" " ind2=" ">
    <subfield code="2">ddc</subfield>
    <subfield code="c">BK</subfield>
  </datafield>
  <datafield tag="999" ind1=" " ind2=" ">
    <subfield code="c">216503</subfield>
    <subfield code="d">216503</subfield>
  </datafield>
  <datafield tag="952" ind1=" " ind2=" ">
    <subfield code="0">0</subfield>
    <subfield code="1">0</subfield>
    <subfield code="2">ddc</subfield>
    <subfield code="4">0</subfield>
    <subfield code="7">0</subfield>
    <subfield code="8">KAN</subfield>
    <subfield code="a">AL</subfield>
    <subfield code="b">AL</subfield>
    <subfield code="d">2021-09-29</subfield>
    <subfield code="e">Navakaranataka Publications Pvt. Ltd, Balmatta, Mangaluru-575001</subfield>
    <subfield code="g">176.00</subfield>
    <subfield code="l">0</subfield>
    <subfield code="o">K894.3 GURP</subfield>
    <subfield code="p">074977</subfield>
    <subfield code="r">2021-10-07 00:00:00</subfield>
    <subfield code="v">220.00</subfield>
    <subfield code="w">2021-09-23</subfield>
    <subfield code="y">BK</subfield>
  </datafield>
</record>
